000 00938nac a22002777a 4500
001 BR7800425
003 BR-BrBNA
005 20240105114204.0
008 230509b bl.|||m| |||| 00| 0 por d
040 _aBR-BrBNA
_bpor
_cBiblioteca Nacional de Agricultura
072 _aF30
090 _a3140 BR7800425
100 1 _aBertolani, F.
100 1 _aNicolielo, N.
110 1 _aProjeto de Desenvolvimento e Pesquisa Florestal, Brasilia, DF (Brasil)
_98062
245 1 _aComportamento e programa de melhoramento genetico dos Pinus tropicais na regiao de Agudos, Sao Paulo, Brasil
260 3 _aBrasilia, DF (Brasil):
_c1977.
300 _a18 p.
490 _aComunicacao Tecnica - Projeto de Desenvolvimento e Pesquisa Florestal (Brazil)
_vno. 18
_x
500 _a9 tables
650 _aPINHEIRO
650 _aCLIMA TROPICAL
650 _aSAO PAULO
909 _a202312
_bLúcia Elande
_c55
_dLúcia Elande
942 _2AGRIS
_n0
_cMS
999 _c267896
_d267896